000 01229nam a2200229Ia 4500
001 10393
003 GE_BSU
008 181216s||||||||xx |||||||||||||| ||und||
020 _a9992847158
040 _cGE_BSU
080 _a821.353.1+821.353.1-32
245 _aქართული მწერლობა 40 ტომად. ტ.21. ბოსლეველი,დავით კეზელი,ილია ხონელი,ხომლელი
245 _bგიორგი მაიაშვილი,ალექსანდრე წულუკიძე
245 _cშემდგ.ა.ბაქრაძე.რ.თვარაძე.სარედ.კოლ.ა.ბაქრაძე და სხვ.ტომის რედ.მ. წერეთელი.მხატვ.გ.ღლონტი
260 _aთბილისი
260 _bნაკადული
260 _c2003
300 _a640გვ.20სმ.
520 _aტომეული თავდაპირველად გამოდიოდა 30ტომად.2007 წლის შემდეგ გამოდის 40 ტომად
653 _aქართული მწერლობა
942 _cBK
999 _c43654
_d43654